• 首页
  • 本馆介绍
  • 公告通知
  • 最新文献
  • 馆藏检索
  • 电子资源
  • 读者导购
  • 参考咨询
  • 我的图书馆
  • 登录
  • 详细信息显示
  • 放入我的书架
  • 预约/预借图书
  • 作者相关作品
  • 分类相关作品
  • 丛书相关作品
  • 出版社相关作品

书目信息

  • 表格格式
  • 工作单格式
  • 卡片格式
题名:
基本有机化工反应工程
    
 
作者: 邹仁鋘 主编
分册:  
出版信息: 北京   化学工业出版社  1981
页数: 399页
开本: 25cm
丛书名:
单 册:
中图分类: TQ203
科图分类:
主题词: 有机化工
电子资源:
ISBN:
000 00642nam0 2200229 45
001 0181003694
005 20060718091703.20
010    @dCNY2.60
091    @a15063.3280(K-254)
100    @a19950606d1981 em y0chiy0121 ea
101 0  @achi
102    @aCN@b110000
105    @ay z 000yy
200 10 @a基本有机化工反应工程@Aji ben you ji hua gong fan yinggong cheng@f邹仁鋘主编@Fzou ren wu zhu bian
210    @a北京@c化学工业出版社@d1981
215    @a399页@d25cm
606 0  @a有机化工
690    @aTQ203@v4
701  0 @a邹仁鋘@Azou ren wu@4主编
801  0 @aCN@b上海图书馆@c20060718
801  2 @aCN@bNLC@c20060404
905    @dTQ203@e5
    
    基本有机化工反应工程/邹仁鋘主编.-北京:化学工业出版社,1981
    399页;25cm
    
    
    ISBN :CNY2.60
    
●
相关链接 在E读中查询图书 在五车中查询图书 在当当中查询图书 在豆瓣中查询图书


正题名:基本有机化工反应工程     索取号:TQ203/5         预约/预借

序号 登录号 条形码 馆藏地/架位号 状态 备注
1 0156518   001647105   第三借阅区/ [索取号:TQ203/5] 在馆    
2 0156519   001647249   第三借阅区/ [索取号:TQ203/5] 在馆    
3 0156520   001647178   第三借阅区/ [索取号:TQ203/5] 在馆    
4 0156521   001647276   第二样本阅览室/ [索取号:TQ203/5] 在馆    
5 0156522   202232636   密集书库/ [索取号:TQ203/5] 在馆    
6 0437179   204371795   密集书库/ [索取号:TQ203/5] 在馆    
7 0437180   204371802   密集书库/ [索取号:TQ203/5] 在馆    
8 0437181   204371811   密集书库/ [索取号:TQ203/5] 在馆    
9 0437182   204371820   密集书库/ [索取号:TQ203/5] 在馆    
10 0437183   204371839   密集书库/ [索取号:TQ203/5] 在馆    
唐山师范学院图书馆 欢迎您!
大连网信软件有限公司© 版权所有